| 000 -LEADER | |
|---|---|
| fixed length control field | 00393nam a22001577a 4500 |
| 005 - DATE AND TIME OF LATEST TRANSACTION | |
| control field | 20180615122352.0 |
| 008 - FIXED-LENGTH DATA ELEMENTS--GENERAL INFORMATION | |
| fixed length control field | 160512b xxu||||| |||| 00| 0 eng d |
| 041 ## - LANGUAGE CODE | |
| Language code of text/sound track or separate title | eng |
| 082 ## - DEWEY DECIMAL CLASSIFICATION NUMBER | |
| Item number | 1741 |
| Classification number | 657.42 |
| 100 ## - MAIN ENTRY--AUTHOR NAME | |
| Personal name | Hilton Mohrselto |
| 245 ## - TITLE STATEMENT | |
| Title | Cost Management (Stratagics for Business Dream) |
| 260 ## - PUBLICATION, DISTRIBUTION, ETC. (IMPRINT) | |
| Place of publication | New Delhi |
| Name of publisher | TMH |
| Year of publication | 2003 |
| 300 ## - PHYSICAL DESCRIPTION | |
| Number of Pages | 936 |
| 650 ## - SUBJECT ADDED ENTRY--TOPICAL TERM | |
| Topical Term | Management |
| 942 ## - ADDED ENTRY ELEMENTS (KOHA) | |
| Koha item type | Books |
| Lost status | Damaged status | Collection code | Home library | Current library | Shelving location | Date acquired | Cost, normal purchase price | Full call number | Accession Number | Koha item type |
|---|---|---|---|---|---|---|---|---|---|---|
| MANAGEMENT | JRU Library | JRU Library | SHELF -72 - N | 12/05/2016 | 450.00 | 657.42 | 1741 | Books | ||
| JRU Library | SHELF-16-B | 12/05/2016 | 450.00 | 657.42 | 1742 | Books | ||||
| MANAGEMENT | JRU Library | JRU Library | SHELF -72 - N | 12/05/2016 | 450.00 | 657.42 | 1743 | Books |